Länder nach Wikipedia Beschreibungen #2 - Statistiken

Allgemein
  • Dieses Quiz wurde 65 mal gespielt
  • Das Durchschnittsergebnis liegt bei 13 aus 20
Antwortstatistiken
Hinsweis Artwort % Korrekt
Ein langes und schmales Küstenland im Südkegel auf der Westseite der Anden Chile
93%
Es ist das größte vollständig europäische Land Ukraine
89%
Ein Inselstaat im Indischen Ozean, etwa 400 Kilometer vor der Küste Ostafrikas Madagaskar
85%
Es grenzt im Norden an Rumänien und im Westen an Serbien und Mazedonien, Griechenland und die Türkei im Süden Bulgarien
84%
Entstanden als eine der frühesten Zivilisationen der Welt im fruchtbaren Einzugsgebiet des Gelben Flusses China
84%
Vor Fidel Castros Revolution im Jahr 1959 war sie eine der fortschrittlichsten und fortschrittlichsten erfolgreiche Länd in Lateinamerika Kuba
84%
Im Jahr 2014 wurde festgestellt, dass etwa 30% der Bevölkerung Millionäre waren Monaco
78%
Der bevölkerungsreichste spanischsprachige Staat der Welt Mexiko
73%
Sie bauten in jeder Stadt Kirchen und ersetzten einige der Inka-Tempel durch Kirchen, wie zum Beispiel den Coricancha in der Stadt Cusco Peru
71%
Eine Gruppe rebellischer Militäroffiziere unter der Führung von Muammar Gaddafi startete eine Putsch gegen König Idris Libyen
65%
Das Machtzentrum des Reiches war Angkor Kambodscha
64%
Die Umbenennung bleibt ein umstrittenes Thema. Viele politische und ethnische Oppositionsgruppen und Länder verwenden weiterhin „Burma“ Myanmar
64%
Mehr als sechs Millionen Bürger, darunter 90% der Juden des Landes, starben im Krieg Polen
58%
Liegt am Äquator und oberhalb des Ostafrikanischen Grabenbruchs Kenia
56%
Behauptet, dass die Westsahara Teil seines Territoriums sei Marokko
56%
Hat zahlreiche Feldzüge miterlebt, darunter die von Alexander dem Großen, Mauryas, muslimischen Arabern, Mongolen, Briten, Sowjets und zuletzt einer von den USA geführten Koalition Afghanistan
42%
Die Insel war die einzige bekannte Heimat des Dodos Mauritius
36%
Die Bevölkerung beträgt 9,2 Millionen, davon sind 1,4 Millionen Staatsbürger und 7,8 Millionen Auswanderer Vereinigte Arabische Emirate
31%
1819 als Handelsposten der Britischen Ostindien-Kompanie gegründet Singapur
27%
Das Land ist mittlerweile auf teure Lebensmittelimporte, insbesondere aus Südafrika und Portugal, angewiesen Angola
18%
Keine übereinstimmenden Quizze gefunden
Verteilung der Resultate
Anzahl Personen mit jedem Resultat
Perzentil nach korrekt beantworteten Fragen
Ihre Resultats-Entwicklung
Sie haben dieses Quiz noch nicht gespielt